[Event "NRW Class1 1213"]
[Site "Germany"]
[Date "2013.03.10"]
[Round "7.8"]
[White "Nikolaiczuk, Lothar"]
[Black "Fattah, Samir"]
[Result "1-0"]
[WhiteElo "2194"]
[BlackElo "1815"]
[PlyCount "35"]
[EventDate "2012.09.16"]
[EventType "team-tourn"]
[EventRounds "9"]
[EventCountry "GER"]
[SourceTitle "EXT 2017"]
[Source "ChessBase"]
[SourceDate "2016.10.25"]
[SourceVersion "1"]
[SourceVersionDate "2016.10.25"]
[SourceQuality "1"]
[WhiteTeam "Bochum II"]
[BlackTeam "Bielefeld"]
[WhiteTeamCountry "GER"]
[BlackTeamCountry "GER"]

1. Nf3 Nf6 2. c4 c5 3. g3 g6 4. Bg2 Bg7 5. 0-0 0-0 6. Nc3 Nc6 7. a3 d6 8. Rb1 Bd7 9. b4 b6 10. d3 Rb8 11. Bd2 e5 12. Ne1 Ne8 13. Nc2 Nc7 14. Ne3 f5 15. Ned5 Nxd5 16. Nxd5 Be6 17. Qa4 Qd7 18. Qxc6 1-0

[Event "Ruhrgebiet Regionalliga 1112"]
[Site "Nordrheinwestfalen"]
[Date "2011.11.27"]
[Round "4.2"]
[White "Ciornei, Dragos"]
[Black "Nikolaiczuk, Lothar"]
[Result "1/2-1/2"]
[WhiteElo "2102"]
[BlackElo "2198"]
[PlyCount "87"]
[EventDate "2011.09.25"]
[EventType "team-tourn"]
[EventRounds "9"]
[EventCountry "GER"]
[SourceTitle "EXT 2020"]
[Source "ChessBase"]
[SourceDate "2019.10.17"]
[SourceVersion "1"]
[SourceVersionDate "2019.10.17"]
[SourceQuality "1"]
[WhiteTeam "Oberhausen SV II"]
[BlackTeam "Bochum SG III"]
[WhiteTeamCountry "GER"]
[BlackTeamCountry "GER"]

1. e4 e6 2. d4 d5 3. Nd2 Nf6 4. e5 Nfd7 5. Bd3 c5 6. c3 Nc6 7. Ne2 cxd4 8. cxd4 Nb6 9. a3 a5 10. b3 Bd7 11. Bb2 a4 12. b4 Be7 13. 0-0 g6 14. Rc1 Kf8 15. f4 h5 16. g3 Kg7 17. h3 Qe8 18. Nf3 Na7 19. Nc3 Rc8 20. Nd2 Bb5 21. Nxb5 Rxc1 22. Bxc1 Nxb5 23. Bb2 Qd7 24. Qe2 Na7 25. Rc1 Rc8 26. Rxc8 Nbxc8 27. g4 hxg4 28. Qxg4 Kf8 29. h4 Ke8 30. h5 gxh5 31. Qxh5 Bf8 32. f5 exf5 33. Bxf5 Qc7 34. Nf3 Ne7 35. Bd3 Ng8 36. Ng5 Nh6 37. Ne6 Qc6 38. Nxf8 Kxf8 39. Qg5 Qe6 40. Qd8+ Kg7 41. Qg5+ Kf8 42. Bc1 Ng8 43. Qd8+ Kg7 44. Qg5+ 1/2-1/2

[Event "Ruhrgebiet Regionalliga 1112"]
[Site "Nordrheinwestfalen"]
[Date "2011.09.25"]
[Round "1.2"]
[White "Nikolaiczuk, Lothar"]
[Black "Schroeder, Wilfried"]
[Result "1/2-1/2"]
[WhiteElo "2198"]
[BlackElo "2035"]
[PlyCount "46"]
[EventDate "2011.09.25"]
[EventType "team-tourn"]
[EventRounds "9"]
[EventCountry "GER"]
[SourceTitle "EXT 2020"]
[Source "ChessBase"]
[SourceDate "2019.10.17"]
[SourceVersion "1"]
[SourceVersionDate "2019.10.17"]
[SourceQuality "1"]
[WhiteTeam "Bochum SG III"]
[BlackTeam "Wattenscheid SV III"]
[WhiteTeamCountry "GER"]
[BlackTeamCountry "GER"]

1. Nf3 d5 2. c4 e6 3. g3 Nf6 4. Bg2 Be7 5. 0-0 0-0 6. b3 b6 7. Bb2 Bb7 8. d3 c5 9. e3 Nc6 10. Qe2 Qc7 11. Nc3 Rad8 12. Rac1 Qb8 13. Rfd1 Rd7 14. cxd5 Nxd5 15. Nxd5 Rxd5 16. d4 Rdd8 17. dxc5 Bxc5 18. Nh4 Rxd1+ 19. Qxd1 Rc8 20. Rc4 Bf8 21. Rg4 Ne7 22. Rd4 Bxg2 23. Nxg2 Nc6 1/2-1/2

[Event "Ruhrgebiet Regionalliga 1011"]
[Site "Nordrheinwestfalen"]
[Date "2011.02.13"]
[Round "6.1"]
[White "Roitburd, Talic"]
[Black "Nikolaiczuk, Lothar"]
[Result "1-0"]
[WhiteElo "2094"]
[BlackElo "2216"]
[PlyCount "25"]
[EventDate "2010.09.19"]
[EventType "team-tourn"]
[EventRounds "9"]
[EventCountry "GER"]
[SourceTitle "EXT 2020"]
[Source "ChessBase"]
[SourceDate "2019.10.17"]
[SourceVersion "1"]
[SourceVersionDate "2019.10.17"]
[SourceQuality "1"]
[WhiteTeam "Oberhausen SV II"]
[BlackTeam "Bochum SG III"]
[WhiteTeamCountry "GER"]
[BlackTeamCountry "GER"]

1. e4 d6 2. d4 Nf6 3. Nc3 g6 4. f3 c6 5. Be3 Nbd7 6. Qd2 b5 7. d5 cxd5 8. Nxd5 Bg7 9. Bd4 a6 10. Bc3 Nxd5 11. Bxg7 Rg8 12. Qxd5 Nb6 13. Qd4 1-0

[Event "Ruhrgebiet VL1 0708"]
[Site "Germany"]
[Date "2008.04.06"]
[Round "8.1"]
[White "Nikolaiczuk, Lothar"]
[Black "Wolf, Ulrich Martin"]
[Result "1/2-1/2"]
[WhiteElo "2280"]
[BlackElo "2188"]
[PlyCount "158"]
[EventDate "2007.09.02"]
[EventType "team-tourn"]
[EventRounds "9"]
[EventCountry "GER"]
[SourceTitle "EXT 2009"]
[Source "ChessBase"]
[SourceDate "2008.11.26"]
[SourceVersion "1"]
[SourceVersionDate "2008.11.26"]
[SourceQuality "1"]
[WhiteTeam "Bochum 31 III"]
[BlackTeam "Dortmund Hansa II"]
[WhiteTeamCountry "GER"]
[BlackTeamCountry "GER"]

1. e4 c5 2. Nf3 Nc6 3. Bb5 g6 4. 0-0 Bg7 5. c3 Nf6 6. Re1 0-0 7. h3 d5 8. e5 Ne8 9. d4 cxd4 10. cxd4 Nc7 11. Bxc6 bxc6 12. Nc3 Ne6 13. Na4 Qa5 14. Bd2 Qb5 15. Rc1 Bd7 16. b3 Rac8 17. Nc5 Nxc5 18. Rxc5 Qa6 19. Ra5 Qb6 20. Qc1 Rfe8 21. Qa3 Ra8 22. Bb4 e6 23. Bc5 Qb7 24. Re2 a6 25. Ne1 Bc8 26. Nd3 Bh6 27. Qa4 Bg5 28. Bd6 Bd8 29. Nc5 Qb6 30. b4 Kg7 31. Qc2 h6 32. Qd2 Qa7 33. Ra3 Rg8 34. Qf4 Bg5 35. Qg3 Qb6 36. h4 Bd8 37. Rf3 Ra7 38. Ree3 Kh7 39. Nb3 Qb5 40. Rc3 Kg7 41. Qf4 Re8 42. g3 Rg8 43. a3 Rh8 44. Kg2 Rg8 45. Na5 Bxa5 46. bxa5 Rd7 47. Bb4 Bb7 48. Rc5 Qe2 49. Bd2 Rh8 50. Qf6+ Kg8 51. Be3 Qe1 52. Rf4 Qb1 53. Rc1 Qd3 54. Rf3 Qe4 55. Kg1 Ba8 56. Kh2 Bb7 57. Re1 Qc2 58. Kg2 Qb2 59. Rc1 Ba8 60. Rf4 Qe2 61. Rb1 Bb7 62. Rc1 Qd3 63. Rf3 Qe4 64. Kg1 Ba8 65. h5 g5 66. g4 Kh7 67. Rg3 Rb8 68. Kh2 Rb1 69. Rxb1 Qxb1 70. f4 Qf1 71. fxg5 Qxf6 72. gxf6 c5 73. g5 hxg5 74. Rxg5 c4 75. Rg2 Rb7 76. Kg3 c3 77. Kf4 Rc7 78. Bc1 Bc6 79. Ke3 Bb5 1/2-1/2

[Event "NRW Class2 0607"]
[Site "Germany"]
[Date "2006.12.17"]
[Round "4.8"]
[White "Nikolaiczuk, Lothar"]
[Black "Gruettemeier, Uwe"]
[Result "1/2-1/2"]
[WhiteElo "2283"]
[BlackElo "2155"]
[PlyCount "50"]
[EventDate "2006.09.17"]
[EventType "tourn"]
[EventRounds "9"]
[EventCountry "GER"]
[SourceTitle "EXT 2008"]
[Source "ChessBase"]
[SourceDate "2007.11.25"]
[SourceVersion "1"]
[SourceVersionDate "2007.11.25"]
[SourceQuality "1"]
[WhiteTeam "Bochum 31 II"]
[BlackTeam "Bielefeld"]
[WhiteTeamCountry "GER"]
[BlackTeamCountry "GER"]

1. Nf3 c6 2. c4 g6 3. Nc3 Bg7 4. d4 d6 5. e3 Nf6 6. Be2 a6 7. 0-0 0-0 8. a4 a5 9. b3 Na6 10. Ba3 Qc7 11. Rc1 Rd8 12. Qd2 Bf5 13. Rfd1 Qb6 14. Qb2 Nb4 15. Rd2 Ne4 16. Nxe4 Bxe4 17. Qa1 Rac8 18. Bb2 d5 19. c5 Qc7 20. Bc3 Re8 21. Ne1 e5 22. dxe5 Bxe5 23. g3 Bxc3 24. Qxc3 Qe5 25. Qxe5 Rxe5 1/2-1/2

[Event "Ruhrgebiet VK playoff 0405"]
[Site "Ruhrgebiet"]
[Date "2005.05.08"]
[Round "1.1"]
[White "Michalek, Christoph"]
[Black "Nikolaiczuk, Lothar"]
[Result "0-1"]
[WhiteElo "2200"]
[BlackElo "2263"]
[PlyCount "88"]
[EventDate "2005.05.08"]
[EventType "team-tourn"]
[EventRounds "3"]
[EventCountry "GER"]
[SourceTitle "EXT 2006"]
[Source "ChessBase"]
[SourceDate "2005.11.24"]
[SourceVersion "1"]
[SourceVersionDate "2005.11.24"]
[SourceQuality "1"]
[WhiteTeam "Eving SV Rochade"]
[BlackTeam "Bochum 31 III"]
[WhiteTeamCountry "GER"]
[BlackTeamCountry "GER"]

1. Nf3 d6 2. d4 Bg4 3. Nbd2 e6 4. h3 Bh5 5. c3 c6 6. Qb3 Qb6 7. e3 Nd7 8. Bd3 d5 9. 0-0 Ngf6 10. Nh2 Bg6 11. Bxg6 hxg6 12. f4 Ne4 13. Nxe4 dxe4 14. Qxb6 axb6 15. Ng4 f6 16. a3 b5 17. Bd2 Nb6 18. Rad1 Bd6 19. Nf2 f5 20. g4 Nd5 21. Rde1 Kd7 22. Kg2 Be7 23. g5 Kc7 24. Rh1 Nb6 25. Ra1 Kd6 26. Bc1 Kd5 27. b3 Kd6 28. Re1 Kc7 29. Re2 b4 30. c4 bxa3 31. Rea2 Ra6 32. c5 Nd5 33. Rxa3 Rxa3 34. Rxa3 e5 35. fxe5 Bxg5 36. Nd1 Kb8 37. Kg3 Bh4+ 38. Kg2 g5 39. b4 Be1 40. b5 cxb5 41. Kf1 Bb4 42. Rb3 Rxh3 43. Nf2 Rf3 44. Kg2 g4 0-1

[Event "NRW Class2 0405"]
[Site "Germany"]
[Date "2005.02.20"]
[Round "7.8"]
[White "Nikolaiczuk, Lothar"]
[Black "Reinemer, Frank"]
[Result "1-0"]
[WhiteElo "2280"]
[BlackElo "2259"]
[PlyCount "49"]
[EventDate "2004.10.10"]
[EventType "team-tourn"]
[EventRounds "9"]
[EventCountry "GER"]
[SourceTitle "EXT 2006"]
[Source "ChessBase"]
[SourceDate "2005.11.24"]
[SourceVersion "1"]
[SourceVersionDate "2005.11.24"]
[SourceQuality "1"]
[WhiteTeam "Bochum II"]
[BlackTeam "Monheim"]
[WhiteTeamCountry "GER"]
[BlackTeamCountry "GER"]

1. Nf3 f5 2. g3 Nf6 3. Bg2 g6 4. 0-0 Bg7 5. d4 d6 6. b4 0-0 7. Bb2 Qe8 8. c4 c6 9. Qb3 h6 10. Nbd2 g5 11. e3 Kh8 12. Rae1 Qg6 13. d5 e5 14. dxe6 Bxe6 15. Nd4 Bg8 16. Qc2 Ne8 17. g4 Bxd4 18. Bxd4+ Ng7 19. f4 Be6 20. e4 Bg8 21. exf5 Qf7 22. fxg5 hxg5 23. Re6 Nd7 24. Rh6+ Bh7 25. Rf3 1-0

[Event "Oberliga NRW 8889 I"]
[Site "Germany"]
[Date "1989.??.??"]
[Round "1"]
[White "Nikolaiczuk, Lothar"]
[Black "Ingenerf, Stephan"]
[Result "1/2-1/2"]
[WhiteElo "2280"]
[BlackElo "2280"]
[PlyCount "79"]
[EventDate "1988.10.??"]
[EventType "team-tourn"]
[EventRounds "9"]
[EventCountry "GER"]
[SourceTitle "EXT 1997"]
[Source "ChessBase"]
[SourceDate "1996.11.15"]
[SourceVersion "1"]
[SourceVersionDate "1996.11.15"]
[SourceQuality "1"]
[WhiteTeam "Recklinghausen"]
[BlackTeam "Duesseldorf SG"]
[WhiteTeamCountry "GER"]
[BlackTeamCountry "GER"]

1. e4 g6 2. d4 Bg7 3. Nc3 d6 4. Nf3 Nf6 5. h3 0-0 6. Be3 Nc6 7. g3 e5 8. Bg2 exd4 9. Nxd4 Nxd4 10. Bxd4 Bd7 11. 0-0 Bc6 12. Re1 Re8 13. a4 Nd7 14. Bxg7 Kxg7 15. Nd5 a5 16. Qd4+ f6 17. Nf4 Nc5 18. Nd3 Ne6 19. Qc4 Ng5 20. Nf4 Qe7 21. h4 Ne6 22. Nd3 Qf7 23. Qc3 Re7 24. b3 Qe8 25. Re3 Nd8 26. Rae1 Ne6 27. g4 h6 28. Rg3 g5 29. Rf3 Rf7 30. Rf5 gxh4 31. f4 Qe7 32. e5 fxe5 33. Bxc6 bxc6 34. fxe5 Rxf5 35. gxf5 Qg5+ 36. Kh1 Qxf5 37. exd6+ Kh7 38. Qe5 Qf3+ 39. Kh2 Ng5 40. Qe7+ 1/2-1/2

[Event "Oberliga NRW 8990 I"]
[Site "Germany"]
[Date "1989.??.??"]
[Round "1"]
[White "Nikolaiczuk, Lothar"]
[Black "Messarius, Juergen"]
[Result "1/2-1/2"]
[WhiteElo "2240"]
[BlackElo "2100"]
[PlyCount "100"]
[EventDate "1989.10.??"]
[EventType "team-tourn"]
[EventRounds "9"]
[EventCountry "GER"]
[SourceTitle "EXT 1997"]
[Source "ChessBase"]
[SourceDate "1996.11.15"]
[SourceVersion "1"]
[SourceVersionDate "1996.11.15"]
[SourceQuality "1"]
[WhiteTeam "Recklinghausen"]
[BlackTeam "Siegen"]
[WhiteTeamCountry "GER"]
[BlackTeamCountry "GER"]

1. g3 Nf6 2. Bg2 g6 3. Nf3 Bg7 4. 0-0 0-0 5. c4 c6 6. d4 d5 7. cxd5 cxd5 8. Nc3 Nc6 9. Ne5 Be6 10. Nxc6 bxc6 11. Na4 Qc8 12. Bg5 Bh3 13. Bxh3 Qxh3 14. Bxf6 Bxf6 15. Rc1 Rac8 16. e3 h5 17. Nc5 e5 18. dxe5 Bxe5 19. Nd3 Bd6 20. Qf3 Rfe8 21. Rfd1 h4 22. Ne1 Re5 23. Qg2 Qe6 24. Nf3 hxg3 25. hxg3 Rh5 26. Rd4 c5 27. Ra4 Bb8 28. Rd1 c4 29. g4 Rh6 30. Ra5 Qb6 31. Raxd5 Qxb2 32. g5 Rh5 33. Qg4 Rf8 34. Qxc4 Qb7 35. e4 Bf4 36. Kg2 Qb8 37. e5 Qc8 38. Qxc8 Rxc8 39. Rd8+ Rxd8 40. Rxd8+ Kg7 41. Rd7 Bxe5 42. Rxa7 Bf4 43. Ra5 Rh8 44. Rc5 Ra8 45. Rc4 Bd6 46. a4 Be7 47. Kg3 Ra5 48. Kg4 Bc5 49. Nd4 Bd6 50. Nb3 Ra6 1/2-1/2

[Event "Oberliga NRW 8889 I playoff"]
[Site "Germany"]
[Date "1989.??.??"]
[Round "1"]
[White "Nikolaiczuk, Lothar"]
[Black "Stadtmann, Jens"]
[Result "1-0"]
[WhiteElo "2280"]
[BlackElo "2205"]
[PlyCount "87"]
[EventDate "1989.05.??"]
[EventType "team-tourn"]
[EventRounds "1"]
[EventCountry "GER"]
[SourceTitle "EXT 1997"]
[Source "ChessBase"]
[SourceDate "1996.11.15"]
[SourceVersion "1"]
[SourceVersionDate "1996.11.15"]
[SourceQuality "1"]
[WhiteTeam "Recklinghausen"]
[BlackTeam "Bottrop"]
[WhiteTeamCountry "GER"]
[BlackTeamCountry "GER"]

1. e4 e6 2. d4 d5 3. Nc3 Nf6 4. Bg5 Be7 5. e5 Ng8 6. Be3 b6 7. Qg4 g6 8. Bb5+ c6 9. Ba4 Bd7 10. Nf3 h5 11. Qh3 a5 12. a3 Kf8 13. Ne2 Nh6 14. c3 Ng4 15. Qg3 c5 16. Bc2 Bb5 17. Nf4 g5 18. Nd3 c4 19. Nc1 Nxe3 20. fxe3 g4 21. 0-0 gxf3 22. Qxf3 Ke8 23. Qxf7+ Kd7 24. Bf5 Rh6 25. Bxe6+ Rxe6 26. Rf6 Rxf6 27. exf6 Kd6 28. fxe7 Qxe7 29. Qf4+ Kc6 30. Ne2 Nd7 31. Rf1 Re8 32. Rf3 Qh7 33. Qg5 Qb1+ 34. Kf2 Qxb2 35. Qg6+ Kc7 36. Qxe8 Qxa3 37. Nf4 Qd6 38. Rg3 Qf6 39. Kg1 Qf5 40. Rg5 Qb1+ 41. Kf2 Qc2+ 42. Kg3 h4+ 43. Kh3 Qe4 44. Nxd5+ 1-0

[Event "Oberliga NRW 8889 I"]
[Site "Germany"]
[Date "1989.??.??"]
[Round "1"]
[White "Stadtmann, Jens"]
[Black "Nikolaiczuk, Lothar"]
[Result "1-0"]
[WhiteElo "2205"]
[BlackElo "2280"]
[PlyCount "73"]
[EventDate "1988.10.??"]
[EventType "team-tourn"]
[EventRounds "9"]
[EventCountry "GER"]
[SourceTitle "EXT 1997"]
[Source "ChessBase"]
[SourceDate "1996.11.15"]
[SourceVersion "1"]
[SourceVersionDate "1996.11.15"]
[SourceQuality "1"]
[WhiteTeam "Bottrop"]
[BlackTeam "Recklinghausen"]
[WhiteTeamCountry "GER"]
[BlackTeamCountry "GER"]

1. c4 Nf6 2. Nc3 d5 3. cxd5 Nxd5 4. g3 g6 5. Bg2 Nb6 6. h4 Bg7 7. d3 h6 8. Be3 Nc6 9. Qd2 Nd4 10. f4 h5 11. Bxd4 Bxd4 12. Nf3 Bg7 13. Rc1 c6 14. Qe3 Be6 15. Qc5 Nd7 16. Qb4 Qb6 17. Qxb6 axb6 18. a3 Bg4 19. Kf2 e5 20. Nxe5 Nxe5 21. fxe5 Bxe5 22. e3 0-0 23. d4 Bg7 24. Bf3 Bxf3 25. Kxf3 Rfe8 26. Rhe1 Ra5 27. Ne2 c5 28. Red1 Rb5 29. b4 cxb4 30. axb4 Rxb4 31. Rb1 Rxb1 32. Rxb1 Re6 33. e4 Kf8 34. Rb3 Ke8 35. e5 Kd7 36. Nf4 Rc6 37. Ke4 1-0

[Event "Oberliga NRW 8990 I"]
[Site "Germany"]
[Date "1989.??.??"]
[Round "1"]
[White "Winkeler, Uwe"]
[Black "Nikolaiczuk, Lothar"]
[Result "0-1"]
[WhiteElo "2135"]
[BlackElo "2240"]
[PlyCount "96"]
[EventDate "1989.10.??"]
[EventType "team-tourn"]
[EventRounds "9"]
[EventCountry "GER"]
[SourceTitle "EXT 1997"]
[Source "ChessBase"]
[SourceDate "1996.11.15"]
[SourceVersion "1"]
[SourceVersionDate "1996.11.15"]
[SourceQuality "1"]
[WhiteTeam "Stolberg"]
[BlackTeam "Recklinghausen"]
[WhiteTeamCountry "GER"]
[BlackTeamCountry "GER"]

1. d4 Nf6 2. c4 g6 3. Nf3 Bg7 4. g3 0-0 5. Bg2 d6 6. 0-0 c6 7. Nc3 Qa5 8. h3 Be6 9. Qd3 Qa6 10. b3 d5 11. Ne5 dxc4 12. Nxc4 Rd8 13. Rd1 c5 14. d5 Nc6 15. e4 Nb4 16. Qb1 Nbxd5 17. Nxd5 Nxd5 18. Bb2 Nc3 19. Rxd8+ Rxd8 20. Qc2 Nb5 21. Bxg7 Kxg7 22. Ne3 Qd6 23. Nd5 Nd4 24. Qd3 Bxd5 25. exd5 a5 26. a4 b6 27. Re1 e6 28. dxe6 Nxe6 29. Qxd6 Rxd6 30. Bf1 Nd4 31. Re7 Nxb3 32. Bc4 Nd2 33. Rxf7+ Kh6 34. Bb5 Ne4 35. h4 Rf6 36. Rc7 Nxf2 37. Be2 g5 38. hxg5+ Kxg5 39. Rxh7 Ne4 40. Rh5+ Kg6 41. g4 Rd6 42. Re5 Nc3 43. Bb5 Nxb5 44. axb5 a4 45. Re4 a3 46. Ra4 Rd4 47. Rxa3 Rxg4+ 48. Kf2 Rb4 0-1

[Event "Liechtenstein op"]
[Site "Liechtenstein"]
[Date "1988.??.??"]
[Round "?"]
[White "Kljako, Damir"]
[Black "Nikolaiczuk, Lothar"]
[Result "1-0"]
[WhiteElo "2270"]
[BlackElo "2275"]
[PlyCount "73"]
[EventDate "1988.05.??"]
[EventType "swiss"]
[EventRounds "9"]
[EventCountry "LIE"]
[SourceTitle "EXT 1997"]
[Source "ChessBase"]
[SourceDate "1996.11.15"]
[SourceVersion "1"]
[SourceVersionDate "1996.11.15"]
[SourceQuality "1"]

1. d4 g6 2. Nf3 Bg7 3. e4 c6 4. c4 d5 5. cxd5 cxd5 6. e5 h5 7. Nc3 Nc6 8. h3 Nh6 9. Bb5 Nf5 10. 0-0 Bd7 11. Re1 a6 12. Bf1 Be6 13. Bg5 Qb6 14. Na4 Qa7 15. Be3 Rd8 16. Nc5 Bc8 17. Rc1 0-0 18. Bg5 Qb6 19. b3 f6 20. exf6 exf6 21. Bf4 g5 22. Na4 Qa7 23. Bc7 Rde8 24. Bb6 Qb8 25. Bc5 Nd6 26. Nb6 Be6 27. Bd3 Qd8 28. Bg6 Bf7 29. Bxf7+ Rxf7 30. Nxd5 g4 31. hxg4 hxg4 32. Nh4 Rxe1+ 33. Qxe1 f5 34. Qe6 Qxh4 35. Bxd6 Bxd4 36. g3 Qd8 37. Rxc6 1-0

[Event "Schoeneck op"]
[Site "Schoeneck"]
[Date "1988.??.??"]
[Round "1"]
[White "Nikolaiczuk, Lothar"]
[Black "Mohr, Stefan"]
[Result "0-1"]
[WhiteElo "2275"]
[BlackElo "2470"]
[PlyCount "70"]
[EventDate "1988.??.??"]
[EventType "swiss"]
[EventRounds "11"]
[EventCountry "GER"]
[SourceTitle "TD"]
[Source "ChessBase"]
[SourceDate "1994.03.01"]
[SourceVersion "1"]
[SourceVersionDate "1994.03.01"]
[SourceQuality "1"]

1. e4 g6 2. d4 Bg7 3. Nc3 d6 4. Nf3 Nf6 5. Be2 0-0 6. 0-0 c6 7. a4 Qc7 8. h3 Nbd7 9. Be3 b6 10. Qd2 Bb7 11. Bh6 e5 12. Rfe1 a6 13. Rad1 b5 14. Bf1 Rfe8 15. Bxg7 Kxg7 16. g4 Rad8 17. Bg2 Nf8 18. Nh4 Ne6 19. Ne2 Qe7 20. Nf5+ gxf5 21. exf5 Nf8 22. g5 N6d7 23. f6+ Nxf6 24. gxf6+ Qxf6 25. axb5 axb5 26. Ng3 Kh8 27. dxe5 dxe5 28. Qc3 Ng6 29. Qf3 Nf4 30. Nh5 Nxh5 31. Qxh5 Rxd1 32. Rxd1 Qe7 33. Be4 Rg8+ 34. Kh2 f6 35. Rd6 c5 0-1